00525nam a22001697a 450000500170000000800410001704000070005824500220006525000290008749000240011652001200014065000140026065000240027465000170029865000090031565000310032420250519101340.0250519b |||||||| |||| 00| 0 eng d cDO aGrizzly cornered! aJuly 2001 Vol. 200 No. 1 aNational Geographic aGrizzlies, Marco Polo's Voyage Home, Urban Sprawl, Cuba's Golden Past, Monhegan Island, Kingdom of Aksum, Delacroix xGRIZZLIES xMARCO POLO PART III xURBAN SPRAWL xCUBA xTHE LIVING LEGACY OF AKSUM